00703nam a22001815i 450000100060000000300090000600500170001500700030003200800410003504000200007610000440009624501360014026000570027630000260033385200210035999900170038095201240039748494ES-MaACL20230906161748.0t|950721s1839 be ||||1| fre d aCAM bspa cCAM1 aDelepierre, Octave (d1802-1879)94336810aChronique des faits et gestes admirables de Maximilien I durant son mariage avec Marie de Bourgogne... / cpar Octave Delepierre... aBruxelles : bSocieté typographique belge, c1839. aXI, 480 p. ; c20 cm. aES-MaACLjC-2243 c48494d48494 001040708LIBXIXaATENEOMbATENEOMcSPALd2008-01-17eSCl0oC-2243p1051033r2023-02-23 00:00:00w2023-02-23yMONANT